000 00630cam a22002411 4500
001 20508
003 BD-RjUL
005 20211209000556.0
008 140301s1952 xx 000 0 eng
035 _a(BD-RjUL)20570
035 _a(OCoLC)1594495
040 _aDLC
_cFM
_dDLC
_dBD-RjUL
_beng
041 _aeng
082 _a540
_bDAC
100 1 _aDamerell, Vivian Richard,
_d1903-
_963238
245 1 2 _aA course in college chemistry /
260 _aNew York :
_bMacmillan,
_c1952.
300 _a582 p. :
_billus. ;
_c22 cm.
650 0 _aChemistry.
_963239
942 _2ddc
_cBK
999 _c20508
_d20508